| 000 | 00635nam a22002057a 4500 | ||
|---|---|---|---|
| 005 | 20220524164331.0 | ||
| 008 | 220524b ||||| |||| 00| 0 eng d | ||
| 040 | _cAL | ||
| 041 | _aEnglish | ||
| 082 |
_223 _a330.16 _bKUME |
||
| 100 |
_aJ C Kumarappa _938874 |
||
| 245 | _aEconomy of Permanence: A Quest for a social order based on Non-violence | ||
| 260 |
_aRajghat _bSarva Seva Sangh Prakashan _c1984 |
||
| 300 |
_aviii,208 p. _bPB _c18x12.5 cm. |
||
| 650 |
_aEconomics _938875 |
||
| 650 |
_aAnthropology _938876 |
||
| 650 |
_aEconomics--Moral and ethical aspects _938877 |
||
| 700 |
_aKUMARAPPA (J C) _938878 |
||
| 942 |
_2ddc _cGF |
||
| 999 |
_c223100 _d223100 |
||